Statistics for Spike Lee Filmography

Click here to take the quiz!

General Stats

  • This quiz has been taken 18 times
    (7 since last reset)
  • The average score is 50 of 172

Answer Stats

Type Year Name % Correct
Film Director2018BlacKkKlansman
100%
Film Director1992Malcolm X
86%
Film Director1989Do the Right Thing
86%
Film Director1995Clockers
71%
Film Director2015Chi-Raq
71%
Film Director1999Summer of Sam
71%
Film Director2006Inside Man
71%
Film Director1986She's Gotta Have It
71%
Film Director1991Jungle Fever
71%
Film Director2000Bamboozled
57%
Film Director2008Miracle at St. Anna
57%
Film Director1994Crooklyn
57%
Film Director1988School Daze
57%
Film Director1998He Got Game
57%
Film Director2013Oldboy
57%
Film DirectorTBADa 5 Bloods
57%
Film Director1990Mo' Better Blues
43%
Film Director2004She Hate Me
43%
Film Director1996Girl 6
43%
Film Director2014Da Sweet Blood of Jesus
43%
Film Director1996Get on the Bus
29%
Documentary Director19974 Little Girls
29%
Film Director200225th Hour
29%
Film Director2012Red Hook Summer
29%
Documentary Director2018Pass Over
29%
Film Director1983Joe's Bed-Stuy Barbershop: We Cut Heads
29%
TV Show Acting Role1986Saturday Night Live
29%
Documentary Director2012Bad 25
14%
TV Documentary Director2006When the Levees Broke: A Requiem in Four Acts
14%
Music Video1989Fight the Power
14%
Film Director2017Rodney King
14%
Film Director2000The Original Kings of Comedy
14%
Stage Director2008Passing Strange
0%
Film Production2010Dream Street
0%
Film Production2011Pariah
0%
TV Pilot Director2011Da Brick
0%
Film Production2009Saint John of Las Vegas
0%
Film Production2011You're Nobody 'til Somebody Kills You
0%
TV Documentary Director2010If God Is Willing and da Creek Don't Rise
0%
TV Documentary Director2009Kobe: Doin' Work
0%
Music Video2009This Is It
0%
Short Film Director1979Last Hustle in Brooklyn
0%
Stage Director2013Mike Tyson: Undisputed Truth
0%
Documentary Production2014Evolution of a Criminal
0%
TV Film Production2014Dirty Hands
0%
Film Director2014Katt Williams: Priceless: Afterlife
0%
Film Director2014Jerrod Carmichael: Love at the Store
0%
Music Video2014Headlights
0%
Film Production2015Cronies
0%
Film Production2015This Girl Is in Trouble
0%
Video Game2015NBA 2K16
0%
Documentary Series Production2015-2016Spike Lee's Lil Joints
0%
Documentary Director2016Michael Jackson's Journey from Motown to Off the Wall
0%
Short Film Director2017Brave, Visions for Moncler
0%
Documentary Production2018Amazing Grace
0%
Film Production2019See You Yesterday
0%
TV Show Director2006Shark
0%
Film Production20013 A.M.
0%
TV Show Director2005Miracle's Boys
0%
Music Video1992Laughing at the Years
0%
Film Production1994Drop Squad
0%
Music Video1993Talk of the Town
0%
Music Video1993Cose Della Vita
0%
Music Video1993Hip Hop Hooray
0%
Music Video1992Revolution
0%
Music Video1992Money Don't Matter 2 Night
0%
TV Show Acting Role1992Ghostwriter
0%
Film Production1995New Jersey Drive
0%
Music Video1991Understanding
0%
Music Video1991Sunless Saturday
0%
TV Documentary Director1990Spike Lee & Company: Do It a Cappella
0%
Music Video1988Da Butt
0%
Music Video1987No One in the World
0%
Music Video1983White Lines (Don't Don't Do It)
0%
Short Film Director1981Sarah
0%
Music Video1994Breakfast at Denny's
0%
Film Production1995Tales from the Hood
0%
Short Film Director2005All the Invisible Children
0%
Short Film Director1980The Answer
0%
TV Film Director2004Sucker Free City
0%
Film Production2003Good Fences
0%
Documentary Director2002Jim Brown: All-American
0%
Short Film Director2002Ten Minutes Older
0%
Film Director2001A Huey P. Newton Story
0%
Short Film Director2001Come Rain or Come Shine
0%
Music Video2000Blak Iz Blak
0%
Short Film Director1995Lumière and Company
0%
Film Cameo2000Lisa Picard Is Famous
0%
Film Production2000Love & Basketball
0%
Film Production2000Afrocentricity
0%
Documentary Director1999Pavarotti and Friends for the Guatemala and Kosovo
0%
Film Production1999The Best Man
0%
Film Director1998Freak
0%
Music Video1996They Don't Care About Us
0%
Film DirectorTBAPrince of Cats
0%

Score Distribution

Percentile by Number Answered

Percent of People with Each Score

Your Score History

You have not taken this quiz since the last reset